000 01099nam a2200277 i 4500
005 20250218104134.0
008 250217s2024 my er 000 0 may d
020 _a9786297556772
_cRM98.00
_qhardback
040 _aPPAK
_beng
_cPPAK
_erda
082 0 4 _223
_a297.57
090 0 0 _a297.57
_bMUH
_dG
100 0 _aMuhadir Haji Joll,
_cUstaz,
_eauthor.
245 1 0 _6880-01
_aAL-BAYAN :
_bPENJELASAN PERSOALAN KHILAFIAH : Pencerahan terhadap 46 perkara KHILAFIAH umum & bermusim dalam masyarakat. /
_cUSTAZ MUHADIR HAJI JOLL ; Editor: Nurhajar Nafi'ah Zuber
264 1 _aPetaling Jaya, Selangor :
_bGaleri Ilmu Sdn. Bhd.,
_c[2024]
300 _axii, 1136 pages ;
_c25 cm
336 _atext
_2rdacontent
337 _aunmediated
_2rdamedia
338 _avolume
_2rdacarrier
500 _aContains verses from the Quran and quotes from the Hadith
504 _aBibliography: pages 1123-1135
650 1 0 _aIslam
_xCustoms and practices
650 2 0 _aIslam
_xMiscellanea
700 0 _aNurhajar Nafi'ah Zuber,
_eeditor.
880 _6245-01
_aاَلْبَيَانُ
942 _2ddc
_cB
999 _c198932
_d198932